Entertaining Contractions Quiz Stats

 Plays Quiz Updated Mar 22, 2014

Support Sporcle.
Go Orange.
Score 0/40 Timer 06:00
0 Plays Today
% Correct
who's
88.8%
there's
88.7%
where's
88.6%
didn't
87.9%
you've
86.9%
doesn't
86.8%
I'll
86.7%
let's
86.2%
isn't
86.1%
that'll
84.2%
haven't
82.9%
aren't
82.8%
hadn't
82.3%
I've
82.3%
don't
81.6%
what's
80.9%
she'll
80.8%
won't
79.1%
she's
78.2%
here's
77.5%
% Correct
we've
77.1%
weren't
75.3%
that's
74.8%
couldn't
74.3%
shouldn't
72.8%
wouldn't
68.4%
he's
68.4%
you'll
67.9%
you're
67.4%
can't
66.6%
I'm
59.5%
she'd
51.9%
we're
51.5%
who'll
48.6%
I'd
41.6%
you'd
33.4%
they'll
31%
we'd
28.5%
he'll
18.4%
he'd
13.4%

From the Vault

3 Words, Same 6 Letters

by slipkid

Recycling letters really is the best way to be green.
Remove Ads.
Support Sporcle.
Get the best of Sporcle when you Go Orange. This ad-free experience offers more features, more stats, and more fun while also helping to support Sporcle. Thank you for becoming a member.

Show Comments

Extras

Top Quizzes Today


Score Distribution

Your Account Isn't Verified!

In order to create a playlist on Sporcle, you need to verify the email address you used during registration. Go to your Sporcle Settings to finish the process.

Report this User

Report this user for behavior that violates our Community Guidelines.

Details: